Biggest Cities in the European Union by Letter - B - Statistics

General Stats
  • This quiz has been taken 328 times
  • The average score is 16 of 20
Answer Stats
Rank Population Country Hint City % Correct
4 1,609,000 Spain Sagrada Familia Barcelona
100%
1 3,520,000 Germany Brandenburger Tor Berlin
100%
3 1,759,000 Hungary Originated from the union of Pest and Buda Budapest
99%
5 1,188,000 Belgium De facto capital of the European Union Brussels
98%
6 1,127,000 United Kingdom Metal processing Birmingham
97%
9 423,000 Slovakia Capital Bratislava
97%
2 1,883,000 Romania Center of Walachia Bucharest
97%
10 387,000 Italy Tortellini / Bolognese sauce Bologna
95%
19 319,000 Germany Capital of Western Germany from 1949 to 1990 Bonn
90%
15 345,000 Spain Guggenheim Museum Bilbao
86%
7 561,000 United Kingdom River Avon Bristol
84%
16 334,000 United Kingdom Where the Titanic was built Belfast
81%
8 557,000 Germany Biggest city on the Weser Bremen
80%
11 378,000 Czech Republic Seat of judicial authority Brno
79%
18 326,000 Italy Capital of Apulia Bari
74%
13 357,000 United Kingdom Next to Leeds Bradford
60%
17 333,000 Germany There's a conspiracy that this city doesn't exist Bielefeld
59%
12 365,000 Germany In the Ruhr area Bochum
55%
20 284,000 Poland Centre of a Belorussian minority Bialystok
40%
14 356,000 Poland Pogroms against National-Germans Bydgoszcz
39%
No matching quizzes found
Score Distribution
Percent of People with Each Score
Percentile by Number Answered
Your Score History
You have not taken this quiz